000 00557nam a2200217Ia 4500
003 OSt
005 20220928143042.0
006 a|||||r|||| 00| 0
007 ta
008 220927b |||||||| |||| 00| 0 eng d
024 _a20730
037 _cTextual
040 _aSDCL
_cSDCL
_beng
041 _2eng
_aeng
082 _aB6:(R), M4
100 _aTorretti Roberto
_9504354
245 0 _aPhilosophy of geometry from Riemann to Pointcare.
260 _c1984
942 _hB6:(R), M4
_cTEXL
_2CC
999 _c822828
_d822828